Microeconomía /

Guardado en:
Autor Principal: Kechichian, Roberto
Formato: Libro
Publicado: Buenos Aires : Braga, 1993
Materias:
Etiquetas: Agregar Etiqueta
Sin Etiquetas, Sea el primero en etiquetar este registro!
LEADER 00530nam a22002055a 4500
001 CEM.cems007123
005 20060214000000.0
008 130507s1993##################000#0#####d
003 CEMS
082 0 4 |a 330 
100 1 |a Kechichian, Roberto 
245 1 0 |a Microeconomía / 
260 |a Buenos Aires :  |b Braga,  |c 1993 
300 |a 207 p. 
653 |a Bienes 
653 |a Economia 
653 |a Historia económica 
653 |a Mercados internos 
653 |a Microeconomia 
859 |a CEMS  |b BIB. CEMS - 11 de abril  |h 330  |i K233  |p 16877.93  |t Ej.1